Motor Claims Cases Being A Digest of Fully Annotated Cases Connected With Motor Claims : (Record no. 746)

MARC details
000 -LEADER
fixed length control field 00640nam a22001697a 4500
005 - DATE AND TIME OF INPUT
control field 20231117061636.0
008 - DATA ELEMENTS--GENERAL INFORMATION
fixed length control field 231117b |||||||| |||| 00| 0 eng d
041 ## - LANGUAGE CODE
Language code of text English
082 ## - SHELF NUMBER
DDC number 343.9 BIN
100 ## - MAIN AUTHOR
Main author's name Bingham, L
Language of a work English
245 ## - TITLE STATEMENT
Title Motor Claims Cases Being A Digest of Fully Annotated Cases Connected With Motor Claims :
Sub-title Together with the relevant statutory matter and tables /
Statement of responsibility, etc. L Bingham
250 ## - EDITION STATEMENT
Edition statement Fourth Edition
260 ## - PUBLICATION, DISTRIBUTION, ETC.
Place of publication, distribution, etc. London :
Name of publisher, distributor, etc. Butterworth and Company Publishers Ltd,
Date of publication, distribution, etc. 1960
300 ## - PHYSICAL DESCRIPTION
Other physical details xlvii, 775 pages ;
Dimensions 26 cm.
650 ## - SUBJECT`
Broad subject Legal practice
Own subject terms Law
942 ## - ADDED ENTRY ELEMENTS (KOHA)
Item type Books
942 ## - ADDED ENTRY ELEMENTS (KOHA)
-- ALISON_BN_VRIES
Holdings
Source of classification or shelving scheme Not for loan Collection code Home library Current library Shelving location Date acquired Full call number Barcode Price effective from Koha item type
Dewey Decimal Classification   TEXT BOOKS LAW SOCIETY OF NAMIBIA LIBRARY - WINDHOEK LAW SOCIETY OF NAMIBIA LIBRARY - WINDHOEK Motor law 11/17/2023 343.9 BIN LSN/1987/166 11/17/2023 Books